00410cam a2200169 i 4500001000800000005001700008008004100025010001700066020001500083040001800098041000800116080001100124082001400135100000700149101000800156245007600164363354520180302054443.0750310s1975 nyua 001 0 eng  a 75008500  a0517256010 aDLCcDLCdDLC aeng a720.9 00a720.9 NOR a45 aART00aGreat architecture of the world /cgeneral editor, John Julius Norwich.